LEADER 01434nam a2200301 i 4500 001 000000109287 003 CaOOAMICUS 005 20021108000000.0 008 021108s1993 be u000 u eng u 013 $a81967 020 $a90 390 0063 8 040 $aSeMil$bita 100 1 $aLukken, Gerard M.,$d<1933- >.$0(OLS)http://semarc/name/19863 245 10$aSemiotics and Church Architecture :$bapplying the Semiotics of A.J. Greimas and the Paris School to the analysis of church buildings /$cGerard Lukken, Mark Searle. 260 $aKampen :$bKok Pharos,$c1993. 300 $a135 p. ;$c23 cm. 490 0 $aLiturgia condenda ;$v1 500 $aContiene : Bibliografia. 650 4$aChiese - Costruzione - Semiotica.$0(OLS)http://semarc/subject/19335 650 4$aTilburg - Santi Pietro e Paolo.$0(OLS)http://semarc/subject/19336 700 1 $aSearle, Mark.$0(OLS)http://semarc/name/45893 830 0$aLiturgia condenda ;$v1.$0(OLS)http://semarc/title/10414 850 $aSeMil 852 $aSeMil$W1$xVenegono$y1$m3K VI 296$j65293$B65293$CSeMilBibl$Z2$F72908 $81 961 $aAcquisto: Peeters 996 $6020$a90 390 0063 8$9(OLS)http://semarc/number/90585 996 $6245$aSemiotics and Church Architecture :$bapplying the Semiotics of A.J. Greimas and the Paris School to the analysis of church buildings$9(OLS)http://semarc/title/158634 996 $6260$aKampen :$bKok Pharos$9(OLS)http://semarc/publisher/32133 LEADER 01287nam a2200265 i 4500 001 000000207962 003 CaOOAMICUS 005 20211018102811.0 008 111109s1966 it u000 u ita u 013 $a186745 040 $aSeMil$bita 245 03$aIl delitto Matteotti tra il Viminale e l'Aventino :$bdagli Atti del processo De Bono davanti all'Alta Corte di Giustizia /$ca cura di Giuseppe Rossini. 264 1$aBologna :$bIl Mulino,$c1966. 300 $a1037 p. ;$c24 cm. 490 1 $aDocumenti del nostro tempo 600 14$aMatteotti, Giacomo <1885-1924>.$0(OLS)http://semarc/subject/36303 650 4$aDe Bono, Emilio <1866-1944> - Processo <1944>.$0(OLS)http://semarc/subject/51099 650 4$aFascismo.$0(OLS)http://semarc/subject/4130 700 1 $aRossini, Giuseppe,$d<1923- >.$0(OLS)http://semarc/name/3769 830 0$aDocumenti del nostro tempo.$0(OLS)http://semarc/title/22979 850 $aSeMil 852 $aSeMil$W1$xVenegono$y1$m3U V 164$j158420$B158420$CSeMilBibl$Z2$F169614 $81 996 $6245$aIl delitto Matteotti tra il Viminale e l'Aventino :$bdagli Atti del processo De Bono davanti all'Alta Corte di Giustizia$9(OLS)http://semarc/title/300733 996 $6264$aBologna :$bIl Mulino$9(OLS)http://semarc/publisher/29842